| 000 | 01800nam a2200457 i 4500 | ||
|---|---|---|---|
| 001 | 44968 | ||
| 003 | KOSZ 005 | ||
| 005 | 20221107113138.0 | ||
| 008 | 041010s2004 pl f |000 0 pol d | ||
| 040 |
_cKOSZ 005 _aKOSZ 005 _dKOSZ 005/HR |
||
| 041 | 0 |
_apol _beng |
|
| 046 | _k2004 | ||
| 080 | _a004.032.26 | ||
| 080 | _a004.93 | ||
| 080 | _a616-07 | ||
| 100 | 1 |
_aTran, Hoai Linh _eAutor |
|
| 245 | 1 | 0 |
_aWspółczesne generacje sztucznych sieci neuronowych i ich zastosowania w wybranych problemach klasyfikacji / _cTran Hoai Linh. |
| 260 |
_aWarszawa : _bOficyna Wydawnicza Politechniki Warszawskiej, _c2004. |
||
| 300 |
_a99 s. : _bil. ; _c24 cm. |
||
| 336 |
_2rdacontent _aTekst _btxt |
||
| 337 |
_2rdamedia _aBez urządzenia pośredniczącego _bn |
||
| 338 |
_2rdacarrier _aWolumin _bnc |
||
| 380 | _aKsiążki | ||
| 388 | _a2001- | ||
| 490 | 1 |
_aPrace Naukowe. Elektryka / Politechnika Warszawska, _x0137-2319 ; _vz. 130 |
|
| 500 | _aOpis wg okł. W nagł. odmienny tyt. serii: Prace Naukowe Politechniki Warszawskiej. - Streszcz. ang. | ||
| 500 | _aPrace Naukowe Politechniki Warszawskiej. | ||
| 504 | _aBibliogr. | ||
| 650 | 7 | _aDiagnostyka medyczna | |
| 650 | 7 | _aElektrokardiografia (EKG) | |
| 650 | 7 | _aNiemiarowość rytmu serca | |
| 650 | 7 | _aRozpoznawanie wzorców (informatyka) | |
| 650 | 7 | _aSieci neuronowe | |
| 650 | 7 | _aZbiór rozmyty | |
| 658 | _aInformatyka i technologie informacyjne | ||
| 658 | _aMedycyna i zdrowie | ||
| 710 |
_aOficyna Wydawnicza Politechniki Warszawskiej _4pbl |
||
| 830 | 0 |
_aPrace Naukowe - Politechnika Warszawska. _p Elektryka _vz. 130 |
|
| 856 |
_uhttp://koha.tu.koszalin.pl/cgi-bin/koha/opac-detail.pl?biblionumber=44968 _yKatalog online BPK |
||
| 942 |
_cKS _2UKD |
||
| 999 |
_c44968 _d44968 |
||